| 000 | 00606ngm a2200193 a 4500 | ||
|---|---|---|---|
| 005 | 20240703063824.0 | ||
| 008 | 050913s2002 mx 030 aaspa d | ||
| 035 | _aUPN01000140066 | ||
| 049 | _aAV | ||
| 050 | 4 | _aDVD N 37 | |
| 245 | 0 | 0 | _aHistoria y arte I. |
| 260 |
_a[México] : _bCultural, _c[2002]. |
||
| 300 |
_a1 DVD (ca. 30 min.) : _bson., col. ; _c4 3/4 plg. |
||
| 505 | 8 |
_aContenido: _tTribus primitivas -- Arte primitivo -- De América a Polinesia -- El Dorado |
|
| 650 | 4 |
_aARTE PRIMITIVO _92616 |
|
| 650 | 4 |
_aEL DORADO _915248 |
|
| 651 | 4 |
_aAmérica _xHistoria _92658 |
|
| 905 | _aAudiovisuales | ||
| 999 |
_c112214 _d112214 |
||